000 00973nam a2200229 i 4500
001 42698
003 ES-MaACL
005 20250709162007.0
007 t|
008 030313s1903 sp ||||1| spa d
080 _a7/8:061:231(460.27 M.)
100 1 _aCastillo y Soriano, José del,
_d1849-1928
_936778
245 1 0 _aReseña histórica de la Asociación de Escritores y Artistas Españoles /
_cpor el secretario de la misma, José del Castillo y Soriano.
260 _aMadrid :
_b[s.n.],
_c1903 (
_fImp. de los Hijos de M.G. Hernández)
300 _a98 p. ;
_c13 cm.
530 _aDisponible en formato digital.
610 2 4 _aAsociación de Escritores y Artistas Españoles-
_xHistoria.
_9143685
852 _aES-MaACL
_jL-4896 (3-1)
_cDEPO2
_zRevisado enlace: 9 de julio de 2025
856 4 _uhttp://bdh-rd.bne.es/viewer.vm?id=0000085107&page=1
_yBiblioteca Digital Hispánica
942 _2udc
999 _c42698
_d42698